• 首页
  • 本馆介绍
  • 公告通知
  • 最新文献
  • 馆藏检索
  • 电子资源
  • 读者导购
  • 参考咨询
  • 我的图书馆
  • 登录
  • 详细信息显示
  • 放入我的书架
  • 预约/预借图书
  • 作者相关作品
  • 分类相关作品
  • 丛书相关作品
  • 出版社相关作品

书目信息

  • 表格格式
  • 工作单格式
  • 卡片格式
题名:
重新发现石油
    
 
作者: 胡文瑞 著
分册:  
出版信息: 北京   石油工业出版社  2018
页数: 489页
开本: 19cm
丛书名:
单 册:
中图分类: TE155
科图分类:
主题词: 石油资源--研究
电子资源:
ISBN: 978-7-5183-2356-2
000 00788nam0 2200217 450
001 2331810838
005 20231109181922.28
010    @a978-7-5183-2356-2@dCNY78.00
100    @a20181030d2017 em y0chiy0110 ea
101 0  @achi
102    @aCN@b110000
105    @ay z 000yy
200 1  @a重新发现石油@9zhong xin fa xian shi you@f胡文瑞著
210    @a北京@c石油工业出版社@d2018
215    @a489页@d19cm
330    @a本书针对目前石油在政治地缘、经济、技术、市场等方面的现状和地位,讨论石油从过去到现在的地位变化以及青睐度,从石油的起源,四大现实存在的探讨,到陈述五个方面的事实,作者生动地让读者重新认识了石油,最后再讨论中国的应对思路。
606 0  @a石油资源@x研究
690    @aTE155@v5
701  0 @a胡文瑞@9hu wen rui@4著
801  0 @aCN@b91CIP@c20181030
905    @aBZT@dTE155@e2
    
    重新发现石油/胡文瑞著.-北京:石油工业出版社,2018
    489页;19cm
    
    
    ISBN 978-7-5183-2356-2:CNY78.00
    本书针对目前石油在政治地缘、经济、技术、市场等方面的现状和地位,讨论石油从过去到现在的地位变化以及青睐度,从石油的起源,四大现实存在的探讨,到陈述五个方面的事实,作者生动地让读者重新认识了石油,最后再讨论中国的应对思路。
●
相关链接 在五车中查询图书 在当当中查询图书 在豆瓣中查询图书


正题名:重新发现石油     索取号:TE155/2         预约/预借

序号 登录号 条形码 馆藏地/架位号 状态 备注
1 2000971667   2000971667   315书库/四28架B面5层4列/ [索取号:TE155/2] 在馆    
2 2000971668   2000971668   315书库/四28架B面5层4列/ [索取号:TE155/2] 在馆    
3 2000971669   2000971669   315书库/四28架B面5层4列/ [索取号:TE155/2] 在馆    
4 2000971670   2000971670   315书库/四28架B面5层4列/ [索取号:TE155/2] 在馆    
5 2000971671   2000971671   315书库/四28架B面5层4列/ [索取号:TE155/2] 在馆    
6 2000971672   2000971672   315书库/四28架B面5层4列/ [索取号:TE155/2] 在馆    
山东省滨州职业学院图书馆 欢迎您!
大连网信软件有限公司© 版权所有